Reform of the electricity supply industry in Britain. An assessment of the development of public policy.

Radikálna reforma energetického systému vo Veľkej Británii v r. 1987-91 pre zvýšenie konkurencieschopnosti energetického priemyslu. Nahradenie vertikálne integrovanej administratívnej štruktúry viac trhovo orientovanou štruktúrou. Oddelenie výroby elektrickej energie od distribúcie. 4 stupne zaveden...

Ausführliche Beschreibung

Gespeichert in:
Bibliographische Detailangaben
1. Verfasser: Vickers, John
Weitere Verfasser: Yarrow, G.
Format: Buchkapitel
Sprache:Englisch
Schlagworte:
Tags: Tag hinzufügen
Keine Tags, Fügen Sie das erste Tag hinzu!

MARC

LEADER 00000naa a2200000 4500
001 r004747
005 20221130103149.2
041 0 |a eng 
044 |a NL 
245 1 0 |a Reform of the electricity supply industry in Britain.  |b An assessment of the development of public policy.  |c John Vickers, G. Yarrow 
520 |a Radikálna reforma energetického systému vo Veľkej Británii v r. 1987-91 pre zvýšenie konkurencieschopnosti energetického priemyslu. Nahradenie vertikálne integrovanej administratívnej štruktúry viac trhovo orientovanou štruktúrou. Oddelenie výroby elektrickej energie od distribúcie. 4 stupne zavedenia novej reformy. Poučenie z počiatočného podcenenia priebehu reformy. 
610 2 0 |a energetika 
610 2 0 |a Veľká Británia 
610 2 0 |a 1987-1991 
610 2 0 |a konkurencieschopnosť 
610 2 0 |a výroba energie 
610 2 0 |a elektrárne 
610 2 0 |a elektrina 
610 2 0 |a privatizácia 
100 1 |a Vickers, John 
700 1 |a Yarrow, G.